| 000 | 01189nac a22003251u 4500 | ||
|---|---|---|---|
| 999 |
_c13886 _d13886 |
||
| 003 | EG-ScBUE | ||
| 005 | 20210608105114.0 | ||
| 008 | 100414t2010 njua f bd 001 0 eng d | ||
| 020 | _a9780136093688 | ||
| 020 | _a013609368X | ||
| 040 |
_aEG-ScBUE _beng _erda _cEG-ScBUE _dEG-ScBUE |
||
| 082 | 0 | 4 |
_a658.4038011 _bLAU _222 |
| 100 |
_aLaudon, Kenneth C., _eauthor. _913499 |
||
| 245 | 1 | 0 |
_aManagement information systems : _bmanaging the digital firm / _cKenneth C. Laudon, New York University, Jane P. Laudon, Azimuth Information Systems. |
| 250 |
_aEleventh edition, _bglobal edition. |
||
| 264 | 1 |
_aNew Jersey : _bPearson Education, Inc., _c[2010] |
|
| 264 | 4 | _cc2010 | |
| 300 |
_a653 pages : _bcolor illustrations ; _c29 cm. |
||
| 336 |
_2rdacontent _atext _btxt |
||
| 337 |
_2rdamedia _aunmediated _bn |
||
| 338 |
_2rdacarrier _avolume _bnc |
||
| 500 | _aIncludes glossary. | ||
| 504 | _aIncludes bibliographical references and index. | ||
| 650 | 7 |
_aManagement information systems. _2BUEsh _913500 |
|
| 651 | _2BUEsh | ||
| 653 |
_bBUSADM _cJune2021 |
||
| 655 |
_vReading book _934232 |
||
| 700 | 1 |
_aLaudon, Jane Price, _eauthor. _913501 |
|
| 942 |
_cBB _k658.4038011LAU _2ddc |
||